000 00659nam a2200241 a 4500
999 _c9059
_d9059
001 9059
003 BD-JhCC
005 20180307200533.0
008 180307s2004 bg |||| ||a| 001 0 ben d
020 _a9844641098
035 _a(BD-JhCC) 9059
040 _aBD-JhCC
_dBD-JhCC
041 _aben
082 _a928
_bCLI 2004
100 _aক্লিনটন, বিল
245 _aমাই লাইফ /
_c বিল ক্লিনটন
260 _aঢাকা :
_bঅঙ্কুর প্রকাশনী ,
_c2007
300 _a744 p. :
_c24 cm .
600 _aCilnton, Bill
650 _aBiography
942 _2ddc
_cBK